000
00260nam a22001097a 4500
082
_a
332.10942INS
245
_a
THE INSTITUTE OF BANKER
260
_a
LONDON
_b
LOMBARD STREET
_c
1968
300
_a
78P
_b
20CM
650
_a
THE FUTURE OF BRITISH BANKING
942
_c
BK
999
_c
14957
_d
14957